| 000 | 00466nam a2200169Ia 4500 | ||
|---|---|---|---|
| 003 | SGT | ||
| 020 | _a9788175156159 | ||
| 082 |
_a4.0151 _bDOE |
||
| 100 | _aDoerr,A | ||
| 245 | _aApplied Discrete Structure for Computer Science | ||
| 260 |
_bGalgotia Publications Pvt. Ltd. _aN.Delhi _c2010 |
||
| 300 | _a523p. | ||
| 650 | _aCOMPUTER SCIENCE | ||
| 653 | _aSET THEORY COMBINATORICS,LOGIC,INTRODUCTION,RELATIONS,FUNCTIONS | ||
| 700 | _aLevasseur,K | ||
| 942 |
_2ddc _cBK |
||
| 999 |
_c5146 _d5146 |
||